Technology transfer process

Technologický transfér a väzby medzi výskumom, vývojom a priemyselnými odvetviami. Pojem technologický transfér. Výhody technologického transféru . Realizácia technologického transféru.

Na minha lista:
Detalhes bibliográficos
Autor principal: Jemala, Marek
Formato: Capítulo de Livro
Idioma:inglês
Assuntos:
Tags: Adicionar Tag
Sem tags, seja o primeiro a adicionar uma tag!

MARC

LEADER 00000naa$a2200000$$$4500
001 0082937
005 20240502071931.3
041 0 |a eng 
044 |a SK 
245 1 0 |a Technology transfer process  |c Marek Jemala 
520 |a Technologický transfér a väzby medzi výskumom, vývojom a priemyselnými odvetviami. Pojem technologický transfér. Výhody technologického transféru . Realizácia technologického transféru. 
610 2 0 |a transfer technológie 
610 2 0 |a transfer inovácií 
610 2 0 |a priemysel 
610 2 0 |a výskum 
610 2 0 |a vývoj 
610 2 0 |a korporácie transnacionálne 
100 1 |a Jemala, Marek